000 00619nam a2200253 a 4500
001 nice12345678
003 IN_TiNIC
005 20260116012315.0
008 050524s1985 dela grp 000 0 eng
020 _a
_c15
082 0 0 _a302.2
_bRIN
100 _aRinmawia, Lal
245 _aCredible Christian Communication
_b an Indian Perspective
260 _aDelhi
_bISPCK
_c1985
300 _a102p
500 _aincludes index and biblioraphy
505 2 _aindex
650 _aInterfaith Dialogue
650 _aCommunication
700 1 _aRinmawia, Lal
902 _bSRS
942 _cBK
999 _c6488
_d6488